00654nam a2200169Ia 4500008004100000100002200041245015400063245004300217260004700260260001000307300002300317500001000340650002300350650002000373999001900393952007200412170224s9999 xx 000 0 und d aMichael B. Devlin aExamining the World’s Game in the United States: Impact of Nationalized Qualities on Fan Identification and Consumption of the 2014 FIFA World Cup  cMichael B. Devlin & Andrew C. Billings bJournal of Broadcasting & Electronic Media cMarch a60:1, Pages: 40-60 aMarch xCommunication Arts xMultimedia Arts c316206d316206 001040aCLbCLd2017-02-24l0r2017-02-24 00:00:00w2017-02-24ySE